[Event "European Corporate 2nd"]
[Site "Minsk"]
[Date "2019.08.31"]
[Round "9.1"]
[White "Vorobev, Alexander"]
[Black "Vorozheikin, Vladimir"]
[Result "0-1"]
[WhiteElo "2168"]
[BlackElo "2103"]
[PlyCount "63"]
[EventDate "2019.08.30"]
[EventType "team-swiss"]
[EventRounds "9"]
[EventCountry "BLR"]
[SourceTitle "EXT 2020"]
[Source "ChessBase"]
[SourceDate "2019.10.17"]
[SourceVersion "1"]
[SourceVersionDate "2019.10.17"]
[SourceQuality "1"]
[WhiteTeam "Gazprom"]
[BlackTeam "Sberbank"]
[WhiteTeamCountry "RUS"]
[BlackTeamCountry "RUS"]

1. e4 e5 2. Nf3 Nc6 3. Nc3 Bc5 4. Bc4 d6 5. h3 Nf6 6. 0-0 Be6 7. Bb3 0-0 8. d3 h6 9. Be3 Bb6 10. Nd5 Bxd5 11. exd5 Ne7 12. c4 Nf5 13. Bxb6 axb6 14. Bc2 Re8 15. d4 e4 16. Nh2 Qd7 17. Ng4 Nh7 18. Ne3 Nf6 19. a4 c5 20. dxc6 bxc6 21. b4 d5 22. c5 bxc5 23. dxc5 Reb8 24. Nxf5 Qxf5 25. Qd4 Qg5 26. Ra3 Nh5 27. Bd1 Qf6 28. Qd2 Nf4 29. Kh2 Nd3 30. f3 Nxb4 31. Kg1 Qe7 32. fxe4 0-1